<?xml version="1.0" encoding="UTF-8"?>
<record
    xmlns:xsi="http://www.w3.org/2001/XMLSchema-instance"
    xsi:schemaLocation="http://www.loc.gov/MARC21/slim http://www.loc.gov/standards/marcxml/schema/MARC21slim.xsd"
    xmlns="http://www.loc.gov/MARC21/slim">

  <leader>00669nam a22002297a 4500</leader>
  <controlfield tag="005">20170124110241.0</controlfield>
  <datafield tag="010" ind1=" " ind2=" ">
    <subfield code="a">949135</subfield>
  </datafield>
  <datafield tag="020" ind1=" " ind2=" ">
    <subfield code="c">140.00</subfield>
    <subfield code="a">0859360989</subfield>
  </datafield>
  <datafield tag="035" ind1=" " ind2=" ">
    <subfield code="a">949135</subfield>
  </datafield>
  <datafield tag="037" ind1=" " ind2=" ">
    <subfield code="b">Cen Lib/Ret</subfield>
  </datafield>
  <datafield tag="040" ind1=" " ind2=" ">
    <subfield code="a">DPL</subfield>
    <subfield code="b">EN</subfield>
  </datafield>
  <datafield tag="082" ind1=" " ind2=" ">
    <subfield code="a">954.08</subfield>
    <subfield code="b">WOO</subfield>
  </datafield>
  <datafield tag="100" ind1=" " ind2=" ">
    <subfield code="a">Woodford, Peggy</subfield>
    <subfield code="9">95016</subfield>
  </datafield>
  <datafield tag="245" ind1=" " ind2=" ">
    <subfield code="a">Rise of the raj /</subfield>
    <subfield code="c">by Peggy Woodford </subfield>
    <subfield code="b">with text and commentaries /</subfield>
  </datafield>
  <datafield tag="260" ind1=" " ind2=" ">
    <subfield code="a">UK</subfield>
    <subfield code="b">Midas Book</subfield>
    <subfield code="c">1978</subfield>
  </datafield>
  <datafield tag="270" ind1=" " ind2=" ">
    <subfield code="b">UK</subfield>
    <subfield code="a">12 Dene Way, Speldhurst, Tunbridge Wells</subfield>
  </datafield>
  <datafield tag="300" ind1=" " ind2=" ">
    <subfield code="a">160p.</subfield>
    <subfield code="c">27cm(Hb)</subfield>
    <subfield code="b">ill.</subfield>
  </datafield>
  <datafield tag="500" ind1=" " ind2=" ">
    <subfield code="a">includes index </subfield>
  </datafield>
  <datafield tag="650" ind1=" " ind2=" ">
    <subfield code="a">Raj Panchayat</subfield>
    <subfield code="9">95017</subfield>
  </datafield>
  <datafield tag="650" ind1=" " ind2=" ">
    <subfield code="a">Architecture</subfield>
    <subfield code="9">25172</subfield>
  </datafield>
  <datafield tag="942" ind1=" " ind2=" ">
    <subfield code="2">ddc</subfield>
    <subfield code="c">EN</subfield>
    <subfield code="h">954.08</subfield>
    <subfield code="m">WOO</subfield>
  </datafield>
  <datafield tag="999" ind1=" " ind2=" ">
    <subfield code="c">135188</subfield>
    <subfield code="d">135188</subfield>
  </datafield>
  <datafield tag="952" ind1=" " ind2=" ">
    <subfield code="0">0</subfield>
    <subfield code="1">0</subfield>
    <subfield code="4">0</subfield>
    <subfield code="7">1</subfield>
    <subfield code="8">REF</subfield>
    <subfield code="a">L</subfield>
    <subfield code="b">L</subfield>
    <subfield code="d">2015-10-03</subfield>
    <subfield code="e">Cen Lib/Ret</subfield>
    <subfield code="g">140.00</subfield>
    <subfield code="l">0</subfield>
    <subfield code="o">954.08 WOO</subfield>
    <subfield code="p">949135</subfield>
    <subfield code="r">2015-10-03 00:00:00</subfield>
    <subfield code="t">1</subfield>
    <subfield code="v">140.00</subfield>
    <subfield code="w">2015-10-03</subfield>
    <subfield code="y">EN</subfield>
  </datafield>
</record>
